| 000 | 01512nam a22003257a 4500 | ||
|---|---|---|---|
| 005 | 20160411171441.0 | ||
| 008 | 150605b2013 ck ||||| |||| 10| 0 spa d | ||
| 020 | _a9789588343921 | ||
| 040 |
_aCo-BoIAVH _cCo-BoIAVH |
||
| 041 | 0 | _aspa | |
| 044 | _ack | ||
| 082 | 4 |
_a392.07 _bS487s |
|
| 100 | 1 | _aSerna, Sonia | |
| 245 | 1 |
_aSaberes locales y territorios de vida: _bMemorias del III Encuentro Comunitario para la Biodiversidad/ _cSerna, Sonia |
|
| 250 | _a1ª ed. | ||
| 260 | 3 |
_aColombia: _bInstituto de Investigación de Recursos Biológicos Alexander Von Humbolt, _c2013. |
|
| 300 |
_a147 p. _bil., fot. col. _c22 cm. |
||
| 504 | _aBibliografía:p. 147 | ||
| 520 | _aSe entablan conversaciones entre representantes y delegados de comunidades indígenas, afrodescendientes y campesinas. Durante dos días se hizo un intercambio de experiencias entorno a las formas de vida, al uso y manejo de los ecosistemas y a las acciones con las que se están protegiendo sus territorios bajo una mirada de autonomía y corresponsabilidad. | ||
| 650 |
_aDiversidad Biológica _zColombia |
||
| 650 |
_aBiodiversidad _zColombia |
||
| 650 |
_aCostumbres y tradiciones _zColombia |
||
| 650 |
_aIdentidad cultural _zColombia |
||
| 650 |
_aComunidad rural _zColombia |
||
| 651 | _a | ||
| 700 | 1 |
_aRestrepo Calle, Sebastián _eRevisión |
|
| 700 | 1 |
_aVilla, Claudia María _eRevisión |
|
| 700 | 1 | _aMosquera, Sandra Liliana | |
| 942 |
_2ddc _cLIBRO |
||
| 999 |
_c17452 _d17452 |
||